Southville International School and Colleges
Your cart is empty.
  • Cart
  • Lists
    Public lists Eva Luna New books Lux_list list_1
    Your lists Log in to create your own lists
  • Log in to your account
  • Your cookies
  • Search history
Southville International School and Colleges
  • Advanced search
  • Recent comments
  • Most popular
  • Libraries

Log in to your account

Log in with GOOGLE


If you do not have an external account, but do have a local account, you can still log in:

  1. Home
  2. MARC view: The inclusion toolkit /
Normal view MARC view ISBD view

The inclusion toolkit / (Record no. 22380)

[ view plain ]
MARC details
000 -LEADER
fixed length control field 00719nam a2200193 a 4500
005 - DATE AND TIME OF LATEST TRANSACTION
control field 20140310183404.0
008 - FIXED-LENGTH DATA ELEMENTS--GENERAL INFORMATION
fixed length control field 121120s19uu xx 00 eng d
020 ## - INTERNATIONAL STANDARD BOOK NUMBER
International Standard Book Number 9781849207607
050 ## - LIBRARY OF CONGRESS CALL NUMBER
Classification number LC 1203.G7
Item number .H47 2011
100 ## - MAIN ENTRY--PERSONAL NAME
Personal name Herbert, Sarah
245 ## - TITLE STATEMENT
Title The inclusion toolkit /
Statement of responsibility, etc Sarah Herbert.
260 ## - PUBLICATION, DISTRIBUTION, ETC. (IMPRINT)
Place of publication, distribution, etc London :
Name of publisher, distributor, etc SAGE,
Date of publication, distribution, etc 2011.
300 ## - PHYSICAL DESCRIPTION
Extent x, 106 p. :
Other physical details ill. ;
Dimensions 31 cm.
500 ## - GENERAL NOTE
General note Includes bibliographical references and index
520 ## - SUMMARY, ETC.
Summary, etc This book is aimed at the teacher who wishes to respond to the diversity of learning needs of children who are placed within their mainstream classroom, without teaching each child differently.
521 ## - TARGET AUDIENCE NOTE
Target audience note
942 ## - ADDED ENTRY ELEMENTS (KOHA)
Koha item type Books
Source of classification or shelving scheme Library of Congress Classification
Call number prefix Foreign
Holdings
Withdrawn status Lost status Source of classification or shelving scheme Damaged status Home library Current library Shelving location Date acquired Source of acquisition Cost, normal purchase price Total Checkouts Full call number Barcode Date last seen Copy number Price effective from Koha item type
    Library of Congress Classification   College Library College Library General Circulation Section 11/20/2012 Donation 2424.00   LC 1203.G7 .H47 2011 C16334 05/15/2018 1 10/10/2013 Books

The inclusion toolkit /

APA

Herbert S., . (2011). The inclusion toolkit. London: SAGE.

Chicago

Herbert Sarah, . 2011. The inclusion toolkit. London: SAGE.

Harvard

Herbert S., . (2011). The inclusion toolkit. London: SAGE.

MLA

Herbert Sarah, . The inclusion toolkit. London: SAGE. 2011.

  • Place hold
  • Print
  • Cite
  • Add to your cart (remove)
  • Save record
    BIBTEX Dublin Core MARCXML MARC (non-Unicode/MARC-8) MARC (Unicode/UTF-8) MARC (Unicode/UTF-8, Standard) MODS (XML) RIS
  • More searches
    Search for this title in:
    Other Libraries (WorldCat) Other Databases (Google Scholar) Online Stores (Bookfinder.com) Open Library (openlibrary.org)

Exporting to Dublin Core...

SOUTHVILLE LIBRARY

Southville International School and Colleges Library

1281 Tropical Ave. Cor. Luxembourg St., BF Homes International, Las Pinas City

Tel. No. 8256374 / 252358 Loc. 117/146

Powered by Koha